000 01166cam a2200301 a 4500
001 4923380
003 ARRUPE
005 20150127151201.0
008 950120m19952000enka b 001 0 eng
010 _a 95002782
020 _a0521550017 (v. 1)
020 _a0521550025 (v. 2)
020 _a0521660009 (v. 3)
040 _aDLC
_cDLC
_dDLC
050 0 0 _aQC174.45
_b.W45 1995
082 0 0 _a530.1/43
_220
100 1 _aWeinberg, Steven,
_d1933-
_914135
245 1 4 _aThe quantum theory of fields /
_cSteven Weinberg.
260 _aCambridge ;
_aNew York :
_bCambridge University Press,
_c1995-2000.
300 _a3 v. :
_bill. ;
_c26 cm.
504 _aIncludes bibliographical references and indexes.
505 0 _av. 1. Foundations -- v. 2. Modern applications -- v. 3. Supersymmetry.
650 0 _aQuantum field theory.
_913917
906 _a7
_bcbc
_corignew
_d1
_eocip
_f19
_gy-gencatlg
942 _2lcc
_cMONOGRAPH
999 _c121733
_d121733